[Event "IV.Internat. Ibis-Accor GM Turnier"]
[Site "?"]
[Date "2008.01.03"]
[Round "7"]
[White "Pitl, Gregory"]
[Black "Heinzel, Olaf"]
[Result "1/2-1/2"]
[WhiteElo "2403"]
[BlackElo "2401"]
[PlyCount "58"]
[EventDate "2007.12.28"]
[SourceDate "2007.12.28"]

1. d4 d5 2. c4 e6 3. Nf3 Nf6 4. g3 Be7 5. Bg2 O-O 6. O-O b6 7. cxd5 exd5 8. Qc2
Bb7 9. Bf4 c6 10. Nc3 Nbd7 11. Rad1 Re8 12. Ne5 Bb4 13. a3 Bxc3 14. Qxc3 Nxe5
15. dxe5 Nd7 16. e4 Rc8 17. Rfe1 Qe7 18. Bh3 Nc5 19. exd5 cxd5 20. Bxc8 Rxc8
21. e6 Nxe6 22. Qe5 Qd7 23. Qd6 Qxd6 24. Bxd6 Rc2 25. b4 h6 26. h4 d4 27. Be5
Bf3 28. Rd3 Be2 29. Rxe2 Rxe2 1/2-1/2

[Event "IV.Internat. Ibis-Accor GM Turnier"]
[Site "?"]
[Date "2008.01.03"]
[Round "7"]
[White "Bromberger, Stefan"]
[Black "Renner, Christoph"]
[Result "1/2-1/2"]
[WhiteElo "2491"]
[BlackElo "2410"]
[PlyCount "57"]
[EventDate "2007.12.28"]
[SourceDate "2007.12.28"]

1. e4 e6 2. d4 d5 3. Nc3 Bb4 4. e5 b6 5. a3 Be7 6. Nf3 h5 7. b4 Nh6 8. Bd3 Nd7
9. O-O c5 10. bxc5 bxc5 11. Bb5 Nf5 12. dxc5 O-O 13. Bd3 Nxc5 14. Bxf5 exf5 15.
Nxd5 Ba6 16. Re1 Ne6 17. a4 Re8 18. Ba3 Bxa3 19. Rxa3 Qa5 20. Ne3 Rad8 21. Qc1
g6 22. h4 Nd4 23. Nxd4 Rxd4 24. Nxf5 gxf5 25. Qg5+ Kf8 26. Qh6+ Kg8 27. Rg3+
Rg4 28. Rxg4+ hxg4 29. Qg5+ 1/2-1/2

[Event "IV.Internat. Ibis-Accor GM Turnier"]
[Site "?"]
[Date "2008.01.03"]
[Round "7"]
[White "Rozentalis, Eduardas"]
[Black "Wolfsteiner, Helmut"]
[Result "1-0"]
[WhiteElo "2581"]
[BlackElo "2306"]
[PlyCount "81"]
[EventDate "2007.12.28"]
[SourceDate "2007.12.28"]

1. e4 c5 2. c3 Nf6 3. e5 Nd5 4. Nf3 Nc6 5. d4 cxd4 6. Bc4 Nb6 7. Bb3 d5 8. exd6
e6 9. cxd4 Bxd6 10. O-O Nd5 11. Nc3 Nxc3 12. bxc3 O-O 13. Bc2 Ne7 14. Ng5 Ng6
15. Qh5 h6 16. Nxf7 Rxf7 17. Qxg6 Rf6 18. Qh7+ Kf7 19. f4 Qc7 20. Bd2 Bd7 21.
Bb3 Bb5 22. f5 Bxf1 23. Rxf1 Rf8 24. Bxe6+ Ke8 25. Rf3 Bxh2+ 26. Kh1 Bd6 27.
Be1 Qe7 28. d5 Kd8 29. c4 Kc7 30. Bg3 b6 31. Kg1 Kb8 32. Bxd6+ Qxd6 33. Qxg7
Qc5+ 34. Kh2 Qc7+ 35. Qg3 Rd8 36. Kh3 a5 37. Rb3 Qxg3+ 38. Kxg3 Kc7 39. Kf4
Rff8 40. Ke5 h5 41. Rg3 1-0

[Event "IV.Internat. Ibis-Accor GM Turnier"]
[Site "?"]
[Date "2008.01.03"]
[Round "7"]
[White "Arnold, Lothar"]
[Black "Atalik, Ekaterina"]
[Result "1/2-1/2"]
[WhiteElo "2376"]
[BlackElo "2404"]
[PlyCount "48"]
[EventDate "2007.12.28"]
[SourceDate "2007.12.28"]

1. e4 e5 2. Nf3 Nc6 3. d4 exd4 4. Nxd4 Nf6 5. Nxc6 bxc6 6. e5 Qe7 7. Qe2 Nd5 8.
c4 Nb6 9. Nc3 Qe6 10. Qe4 Bb4 11. Bd2 Rb8 12. b3 d5 13. exd6 cxd6 14. Bd3 d5
15. cxd5 Nxd5 16. Rc1 Ba3 17. Rd1 Nf6 18. Qxe6+ Bxe6 19. O-O O-O 20. Ne4 Nxe4
21. Bxe4 c5 22. Bc1 Bxc1 23. Rxc1 Rb4 24. f3 c4 1/2-1/2

[Event "IV.Internat. Ibis-Accor GM Turnier"]
[Site "?"]
[Date "2008.01.04"]
[Round "8"]
[White "Arnold, Lothar"]
[Black "Pitl, Gregory"]
[Result "1/2-1/2"]
[WhiteElo "2376"]
[BlackElo "2403"]
[PlyCount "28"]
[EventDate "2007.12.28"]
[SourceDate "2007.12.28"]

1. e4 c5 2. Nf3 d6 3. d4 cxd4 4. Nxd4 Nf6 5. Nc3 Nc6 6. Bc4 Qb6 7. Ndb5 a6 8.
Be3 Qa5 9. Nd4 e6 10. O-O Qc7 11. Be2 Be7 12. a4 O-O 13. f4 Re8 14. Kh1 Bf8
1/2-1/2

[Event "IV.Internat. Ibis-Accor GM Turnier"]
[Site "?"]
[Date "2008.01.04"]
[Round "8"]
[White "van der Weide, Karel"]
[Black "Rozentalis, Eduardas"]
[Result "1/2-1/2"]
[WhiteElo "2502"]
[BlackElo "2581"]
[PlyCount "32"]
[EventDate "2007.12.28"]
[SourceDate "2007.12.28"]

1. e4 d5 2. exd5 Nf6 3. Bb5+ Nbd7 4. Nf3 Nxd5 5. d4 c6 6. Be2 g6 7. c4 N5f6 8.
Nc3 Bg7 9. O-O O-O 10. h3 Qc7 11. Be3 Re8 12. Qd2 e5 13. d5 e4 14. Nd4 a6 15.
Rfd1 Ne5 16. dxc6 bxc6 1/2-1/2

[Event "IV.Internat. Ibis-Accor GM Turnier"]
[Site "?"]
[Date "2008.01.04"]
[Round "8"]
[White "Wolfsteiner, Helmut"]
[Black "Bromberger, Stefan"]
[Result "1/2-1/2"]
[WhiteElo "2306"]
[BlackElo "2491"]
[PlyCount "34"]
[EventDate "2007.12.28"]
[SourceDate "2007.12.28"]

1. c4 Nf6 2. Nf3 e6 3. e3 b6 4. b3 Bb7 5. Bb2 Be7 6. Nc3 O-O 7. d4 d5 8. Bd3 c5
9. cxd5 exd5 10. O-O Nbd7 11. Rc1 a6 12. Qe2 Re8 13. Rfd1 Bf8 14. Bf5 b5 15.
dxc5 Nxc5 16. Qd2 Qb6 17. Qd4 Rad8 1/2-1/2

[Event "IV.Internat. Ibis-Accor GM Turnier"]
[Site "?"]
[Date "2008.01.04"]
[Round "8"]
[White "Atalik, Ekaterina"]
[Black "Renner, Christoph"]
[Result "0-1"]
[WhiteElo "2404"]
[BlackElo "2410"]
[PlyCount "82"]
[EventDate "2007.12.28"]
[SourceDate "2007.12.28"]

1. Nf3 c5 2. c4 Nf6 3. g3 b6 4. Bg2 Bb7 5. Nc3 d6 6. O-O g6 7. e3 Bg7 8. d4 Ne4
9. Nxe4 Bxe4 10. d5 O-O 11. Bh3 Bxf3 12. Qxf3 b5 13. cxb5 a6 14. bxa6 Nxa6 15.
e4 Ra7 16. Qe2 Qb6 17. a3 Rb8 18. Rb1 Qb3 19. Bg5 h6 20. Bxe7 Qb6 21. Bh4 g5
22. Bxg5 hxg5 23. Qh5 c4 24. Qxg5 Nc5 25. Bf5 Nd3 26. h4 Qd4 27. h5 Kh8 28. Kg2
Rab7 29. a4 Qf6 30. Qe3 Qh6 31. Qf3 Rb3 32. Qd1 Rxb2 33. Rxb2 Rxb2 34. a5 Bd4
35. e5 Rd2 36. Qg4 Nxf2 37. Qh4 Ng4+ 38. Kh3 Rh2+ 39. Kxg4 Rxh4+ 40. Kxh4 Bxe5
41. a6 Qe3 0-1

[Event "IV.Internat. Ibis-Accor GM Turnier"]
[Site "?"]
[Date "2008.01.04"]
[Round "8"]
[White "Atalik, Suat"]
[Black "Heinzel, Olaf"]
[Result "1-0"]
[WhiteElo "2599"]
[BlackElo "2401"]
[PlyCount "81"]
[EventDate "2007.12.28"]
[SourceDate "2007.12.28"]

1. d4 e6 2. c4 Nf6 3. Nc3 b6 4. e4 Bb4 5. Bd3 Bb7 6. f3 c5 7. d5 exd5 8. cxd5
O-O 9. Nh3 d6 10. O-O a6 11. a3 Ba5 12. a4 Nbd7 13. Bf4 Qc7 14. Bc4 Ne5 15. Be2
Rfe8 16. Nf2 c4 17. Be3 Bb4 18. Kh1 Bc5 19. Bd4 Rac8 20. Qd2 Nfd7 21. Rad1 Bxd4
22. Qxd4 Qc5 23. f4 Ng6 24. Bg4 Rc7 25. Bxd7 Rxd7 26. Qxc5 bxc5 27. Ng4 f5 28.
exf5 Nh4 29. Rfe1 Rxe1+ 30. Rxe1 Nxf5 31. Kg1 Kf7 32. Ne3 Nxe3 33. Rxe3 Rd8 34.
a5 Rb8 35. Re2 Ba8 36. Kf2 h6 37. Kf3 Rb3 38. Kg4 Bb7 39. f5 Ba8 40. Kf4 Rb4
41. g4 1-0

[Event "IV.Internat. Ibis-Accor GM Turnier"]
[Site "?"]
[Date "2008.01.05"]
[Round "9"]
[White "Pitl, Gregory"]
[Black "Atalik, Suat"]
[Result "1/2-1/2"]
[WhiteElo "2403"]
[BlackElo "2599"]
[PlyCount "63"]
[EventDate "2007.12.28"]
[SourceDate "2007.12.28"]

1. e4 c5 2. Nf3 d6 3. d4 cxd4 4. Nxd4 Nf6 5. Nc3 a6 6. Be3 e5 7. Nf3 Be7 8. Bc4
O-O 9. O-O Nc6 10. Re1 b5 11. Bf1 Rb8 12. Bg5 Ng4 13. Bc1 Qb6 14. Qd2 Nf6 15.
h3 Bd7 16. b3 Rfc8 17. Nd5 Nxd5 18. exd5 Nd8 19. Qd1 f5 20. Be3 Qb7 21. c4 Nf7
22. Rc1 b4 23. c5 dxc5 24. Bf4 Bb5 25. Bxb5 axb5 26. Nxe5 Bd6 27. Qf3 Qc7 28.
Nxf7 Bxf4 29. d6 Bxd6 30. Nxd6 Qxd6 31. Qxf5 c4 32. Red1 1/2-1/2

[Event "IV.Internat. Ibis-Accor GM Turnier"]
[Site "?"]
[Date "2008.01.05"]
[Round "9"]
[White "Renner, Christoph"]
[Black "Arnold, Lothar"]
[Result "1-0"]
[WhiteElo "2410"]
[BlackElo "2376"]
[PlyCount "85"]
[EventDate "2007.12.28"]
[SourceDate "2007.12.28"]

1. Nf3 d5 2. d4 c5 3. dxc5 e6 4. e4 Bxc5 5. Nc3 Ne7 6. exd5 exd5 7. Bd3 Nbc6 8.
O-O Bg4 9. h3 Bh5 10. Bf4 a6 11. a3 Bd6 12. Bxd6 Qxd6 13. Re1 Rd8 14. Qe2 Qf6
15. g4 Bg6 16. Rad1 O-O 17. Ne5 Nd4 18. Qf1 Nec6 19. f4 Nxe5 20. Rxe5 Nc6 21.
Ree1 Bxd3 22. Rxd3 Rd7 23. Nxd5 Qd8 24. c4 b5 25. Red1 Kh8 26. c5 h6 27. Nb4
Rxd3 28. Qxd3 Qf6 29. Qc3 Qxc3 30. bxc3 Rc8 31. Rd6 Nb8 32. Kf2 Kh7 33. Nd3 f6
34. Ke3 Rc7 35. Kd4 Nc6+ 36. Kd5 Ne7+ 37. Ke6 Ng6 38. Rxa6 Re7+ 39. Kd5 Re3 40.
Kd4 Rxh3 41. c6 Ne7 42. c7 h5 43. Re6 1-0

[Event "IV.Internat. Ibis-Accor GM Turnier"]
[Site "?"]
[Date "2008.01.05"]
[Round "9"]
[White "Bromberger, Stefan"]
[Black "van der Weide, Karel"]
[Result "1-0"]
[WhiteElo "2491"]
[BlackElo "2502"]
[PlyCount "67"]
[EventDate "2007.12.28"]
[SourceDate "2007.12.28"]

1. e4 c5 2. Nf3 d6 3. d4 cxd4 4. Nxd4 Nf6 5. Nc3 a6 6. Bg5 e6 7. f4 Nbd7 8. Qf3
h6 9. Bh4 Rg8 10. O-O-O g5 11. fxg5 hxg5 12. Bg3 g4 13. Qf2 Nh5 14. Bh4 Be7 15.
Bxe7 Qxe7 16. Be2 b5 17. Nc6 Qg5+ 18. Kb1 Qc5 19. Qxc5 dxc5 20. Bxb5 axb5 21.
Nxb5 Kf8 22. Rhf1 Kg7 23. Nc7 Ra4 24. Ne7 Nhf6 25. Nxg8 Kxg8 26. Rxf6 Nxf6 27.
Rd8+ Kg7 28. Rxc8 Nxe4 29. b3 Ra7 30. a4 Nd2+ 31. Kb2 Nf1 32. Nb5 Ra5 33. Rxc5
Nxh2 34. Rh5 1-0

[Event "IV.Internat. Ibis-Accor GM Turnier"]
[Site "?"]
[Date "2008.01.05"]
[Round "9"]
[White "Wolfsteiner, Helmut"]
[Black "Atalik, Ekaterina"]
[Result "0-1"]
[WhiteElo "2306"]
[BlackElo "2404"]
[PlyCount "78"]
[EventDate "2007.12.28"]
[SourceDate "2007.12.28"]

1. c4 e5 2. Nc3 Nf6 3. g3 d5 4. cxd5 Nxd5 5. Bg2 Nb6 6. Nf3 Nc6 7. O-O Be7 8.
d3 O-O 9. Be3 Be6 10. d4 exd4 11. Nxd4 Nxd4 12. Bxd4 c6 13. Ne4 Bd5 14. e3 f5
15. Nc5 Bxg2 16. Kxg2 Qd5+ 17. Qf3 Bxc5 18. Qxd5+ Nxd5 19. Bxc5 Rf7 20. Rac1 b6
21. Bd6 Rd8 22. Ba3 c5 23. Rc2 Rfd7 24. b3 a5 25. Re1 Kf7 26. h3 Nf6 27. Bc1
Rd1 28. Rxd1 Rxd1 29. Bb2 Nd5 30. a3 Rd3 31. Kf3 Rxb3 32. Ke2 b5 33. Be5 c4 34.
a4 Nb4 35. Rc3 Rxc3 36. Bxc3 bxa4 37. Kd2 a3 38. Ba1 Nd3 39. f3 Nc5 0-1